|
|
|
|
| LEADER |
01092nam a22002777a 4500 |
| 001 |
42679 |
| 003 |
BD-DhAAL |
| 005 |
20240701124912.0 |
| 008 |
240625t2003 |||a|||| |||| 00| 0 eng d |
| 020 |
|
|
|a 0072548274
|
| 040 |
|
|
|a BD-DhAAL
|d BD-DhAAL
|
| 082 |
|
|
|a 909.09821
|
| 245 |
|
|
|a Western civilization,
|n Volume II : Early modern through the 20th century /
|c edited by Robert L. Lembright.
|
| 250 |
|
|
|a Twelfth edition.
|
| 264 |
|
|
|a Dubuque, Iowa :
|b McGraw-Hill/Dushkin,
|c 2003.
|
| 300 |
|
|
|a 223 pages :
|c illustrations.
|
| 362 |
|
|
|a Vol. 2.
|
| 490 |
|
|
|a Annual editions.
|
| 541 |
|
|
|a Donation from the Asia Foundation/Savar Campus Library
|e 42679
|
| 650 |
|
|
|a Civilization, Western
|x History.
|
| 650 |
|
|
|a History.
|
| 700 |
|
|
|a Lembright, Robert L..
|9 56576
|
| 830 |
|
|
|a Annual editions.
|9 15450
|
| 942 |
|
|
|2 ddc
|c BK
|
| 999 |
|
|
|c 46741
|d 46741
|
| 952 |
|
|
|0 0
|1 0
|2 ddc
|4 0
|6 909_098210000000000_WES
|7 0
|9 75690
|a SCL
|b SCL
|c GEN
|d 2024-06-25
|e Donation from the Asia Foundation/ Savar Campus
|l 0
|o 909.09821 WES
|p 3020042679
|r 2024-06-25
|t 1
|w 2024-06-25
|y BK
|x Donation from the Asia Foundation/ Savar Campus
|